| 000 | 00378nam a2200145Ia 4500 | ||
|---|---|---|---|
| 008 | 150201s2008 xx 000 0 und d | ||
| 082 |
_a616.0757 _bM08G |
||
| 100 | _aGUPTE, SATISH | ||
| 245 | _aSHORT TB. OF MEDICAL LABORATORY FOR TECHNICION | ||
| 250 | _a1ST | ||
| 260 |
_bJAYPEE BROTHERS _aDELHI _c2008 |
||
| 300 | _a1-209 | ||
| 650 | _aRADIOLOGY & DIAGNOSIS | ||
| 942 |
_2ddc _cBK _04 |
||
| 999 |
_c30 _d30 |
||